000 00610nam a22001817a 4500
005 20250109074939.0
008 250109b |||||||| |||| 00| 0 eng d
020 _a978-621-427-140-5
082 _aFil. 650.0721 F634 2023
100 _aFlores, Marivic F.
245 _aMethods of research in business education /
_cMarivic Francisco Flores
250 _a2nd ed.
260 _aManila:
_bUnlimited Books Library Services and Publishing,
_cc2023
300 _aviii, 232p.
504 _aIncludes bibliographies
541 _e7659 c.1, 7660 c.2, 7661 c.3
650 _aBusiness education - Research - Methodology
999 _c2343
_d2343